Science Quiz

Random Science or Anatomy Quiz

Book of Normals Quiz Stats

 Plays Quiz not verified by Sporcle

Challenge
Share
Tweet
Embed
Score 0/19 Timer 04:00
0 Plays Today
% Correct
22-28
80%
1.5-2.5
80%
135-145
60%
3.5-5.0
60%
95-105
60%
7.35-7.45
60%
35-45
60%
8.9-10.1
60%
35-45%
60%
12.5-17.5
60%
% Correct
150-400k
60%
295-305
60%
4
40%
20-28
40%
4.5-5.1
40%
.5-1.5
40%
5-10k
40%
10-20
40%
60-99
40%

You're not logged in!

Compare scores with friends on all Sporcle quizzes.
Join for Free
OR
Log In

You Might Also Like...

Show Comments

Extras

Created Sep 24, 2013ReportNominate
Tags:Anatomy Quiz

Top Quizzes Today


Score Distribution

Your Account Isn't Verified!

In order to create a playlist on Sporcle, you need to verify the email address you used during registration. Go to your Sporcle Settings to finish the process.

Report this User

Report this user for behavior that violates our Community Guidelines.

Details: